Early English travellers in India : (Record no. 18431)

MARC details
000 -LEADER
fixed length control field 01208cam a22003131a 4500
001 - CONTROL NUMBER
control field 9406446
003 - CONTROL NUMBER IDENTIFIER
control field BDDh-ASL
005 - DATE AND TIME OF LATEST TRANSACTION
control field 20231015025716.0
008 - FIXED-LENGTH DATA ELEMENTS--GENERAL INFORMATION
fixed length control field 741030s1965 ii ab b 000 0 eng
010 ## - LIBRARY OF CONGRESS CONTROL NUMBER
LC control number sa 66005380
035 ## - SYSTEM CONTROL NUMBER
System control number (OCoLC)1061900
040 ## - CATALOGING SOURCE
Original cataloging agency DLC
Transcribing agency MBU
Modifying agency BDDh-ASL
-- DLC
050 00 - LIBRARY OF CONGRESS CALL NUMBER
Classification number DS411
Item number .P7
082 ## - DEWEY DECIMAL CLASSIFICATION NUMBER
Classification number 910.92421
Item number PRE
100 1# - MAIN ENTRY--PERSONAL NAME
Personal name Prasad, Ram Chandra
9 (RLIN) 1272
245 10 - TITLE STATEMENT
Title Early English travellers in India :
Remainder of title a study in the travel literature of the Elizabethan and Jacobean periods with particular reference to India /
Statement of responsibility, etc. by Ram Chandra Prasad.
250 ## - EDITION STATEMENT
Edition statement [1st ed.]
260 ## - PUBLICATION, DISTRIBUTION, ETC.
Place of publication, distribution, etc. Delhi :
Name of publisher, distributor, etc. Motilal Banarsi Dass,
Date of publication, distribution, etc. 1965.
300 ## - PHYSICAL DESCRIPTION
Extent xxii, 392 p. :
Other physical details ill., map. ;
Dimensions 23 cm.
500 ## - GENERAL NOTE
General note "The ... study was undertaken as a doctoral dissertation ... in the University of Edinburgh."
504 ## - BIBLIOGRAPHY, ETC. NOTE
Bibliography, etc. note Bibliography: p. [373]-387.
650 #0 - SUBJECT ADDED ENTRY--TOPICAL TERM
Topical term or geographic name entry element British
Geographic subdivision India
General subdivision History
Chronological subdivision 16th century.
650 #0 - SUBJECT ADDED ENTRY--TOPICAL TERM
Topical term or geographic name entry element British
Geographic subdivision India
General subdivision History
Chronological subdivision 17th century.
650 #0 - SUBJECT ADDED ENTRY--TOPICAL TERM
Topical term or geographic name entry element Travelers' writings, English
Geographic subdivision India
General subdivision History and criticism.
650 #0 - SUBJECT ADDED ENTRY--TOPICAL TERM
Topical term or geographic name entry element Travel writing
General subdivision History.
651 #0 - SUBJECT ADDED ENTRY--GEOGRAPHIC NAME
Geographic name India
General subdivision Description and travel.
906 ## - LOCAL DATA ELEMENT F, LDF (RLIN)
a 7
b cbc
c oclcrpl
d u
e ncip
f 19
g y-gencatlg
942 ## - ADDED ENTRY ELEMENTS (KOHA)
Source of classification or shelving scheme Dewey Decimal Classification
Koha item type Books
Holdings
Withdrawn status Lost status Source of classification or shelving scheme Damaged status Not for loan Collection code Home library Current library Shelving location Date acquired Source of acquisition Total Checkouts Full call number Barcode Date last seen Copy number Price effective from Koha item type Public note
    Dewey Decimal Classification   Not For Loan Non-fiction Asiatic Society Library Asiatic Society Library Harrison Collection 09/29/2020 Donated by Prof. John B. Harrison   910.92421 PRE 101621 09/29/2020 C-1 09/29/2020 Books RARE

Powered by Koha